Davida Jenő halála [az egyetem gyászjelentése]
Elmentve itt :
| Dokumentumtípus: | Cikk |
|---|---|
| Megjelent: |
1929-03-29
|
| Sorozat: | Délmagyarország
5 No. 72 |
| Kulcsszavak: | Davida Jenő, Haláleset |
| Online Access: | http://dmarchiv.bibl.u-szeged.hu/38507 |
| LEADER | 00432nab a2200145 i 4500 | ||
|---|---|---|---|
| 001 | delm38507 | ||
| 005 | 20180927130107.0 | ||
| 008 | 180927s1929 hu o 0|| hun d | ||
| 040 | |a SZTE Délmagyarország Archívum |b hun | ||
| 041 | |a hun | ||
| 245 | 0 | 0 | |a Davida Jenő halála |h [elektronikus dokumentum] : |b [az egyetem gyászjelentése] |
| 260 | |c 1929-03-29 | ||
| 300 | |a 7 | ||
| 490 | 0 | |a Délmagyarország |v 5 No. 72 | |
| 695 | |a Davida Jenő, Haláleset | ||